00893 2200313 4500001002100000005001500021035002000036007000300056008004100059040001700100100001800117245008300135250001200218300003600230020001800266041000800284082001100292084001700303090002200320260003800342600001400380850001000394500005000404700002000454700002800474504002900502990002400531990002400555INLIS00000000000294720260530014814 a0010-1120000025ta260530 0  aSBPUPADbind0 aIndra Bastian1 aAkuntansi Pendidikan /cIndra Bastian;editor, Suryadi ;editor-2,Yati Sumiharti a.-cet.1 a221 hlm. :bilus. ;c20 x 26 cm a979-781-820-907aind a657.07 a657.07 IND a a658.3 VEI m L23-3 a--Jakarta :bGeloraAksara Pratama 4aAkuntansi aPUPAD aIndeks,hlm 226-227 ;Tentang Penulis,hlm cover0 aeditor, Suryadi0 aEditor-2,Yati Sumiharti aBibliografi, hlm 222-225 a7596/ARPUS/PDG/2008 a7594/ARPUS/PDG/2008